Culture Générale - Série 1870 - Statistiques

Statistiques générales
  • Ce quiz a été pris 141 fois
  • Le résultat moyen est 5 sur 10
Statistiques - réponses
Question Réponse % Correct
Spécialité culinaire savoyarde ou bourguignonne fondue
97%
10 000 m2 hectare
77%
Dans quel état des Etats Unis se trouve la ville de Las Vegas ? Nevada
77%
Quel animal est appelé "caribou" au Canada ? renne
77%
Comment appelait-on la formation défensive de boucliers des armées romaines, formation inventée par les Gaulois ? voir photo tortue
62%
Comment se nomme le quartier animé situé dans le West End de Londres, dans l'arrondissement de la Cité de Westminster ? Soho
38%
Quelle ville des Hauts de Seine est célèbre pour sa porcelaine ? Sèvres
32%
Quel nom donne-t-on à la croix de Saint-Antoine ? tau
22%
Quelle espèce d'oiseau est le "pilet" ? canard
14%
Comment appelle-t-on également le poisson "plie" ? carrelet
7%
Aucun quiz correspondant
Distribution des résultats
% des personnes avec chaque résultat
Percentile par nombre de réponses
Votre historique - résultats
Vous n’avez pas pris ce quiz